Splendor /

Bibliographic Details
Main Author: Williams, Ben Ames, 1889-1953
Format: Book
Language:English
Published: New York : Dutton, [1927]

MARC

Tag First Indicator Second Indicator Subfields
LEADER 00000cam a2200000 i 4500
001 in00000036376
005 20151007060837.0
008 760930s1927 nyu 00001 eng d
035 |a (OCoLC)02475194 
035 |9 AAD0365AM 
040 |a ICU  |c ICU  |d TXA  |d UtOrBLW 
049 |a TXAM  |c [261498] 
090 |a PZ3.W67  |b Sp 
090 |a PS3545.I5115  |b S64 1927 
092 |a 813  |b W721s 
100 1 |a Williams, Ben Ames,  |d 1889-1953. 
245 1 0 |a Splendor /  |c by Ben Ames Williams. 
264 1 |a New York :  |b Dutton,  |c [1927] 
264 4 |c ©1927 
300 |a 570 pages ;  |c 20 cm. 
336 |a text  |b txt  |2 rdacontent 
337 |a unmediated  |b n  |2 rdamedia 
338 |a volume  |b nc  |2 rdacarrier 
999 |a MARS 
999 f f |s f0ab0bc5-959f-3b3b-8eb5-35ec7f7354fd  |i 6994260a-a59a-3400-a37e-5b1b4ee85bf8  |t 0 
952 f f |p normal  |a Texas A&M University  |b College Station  |c Sterling C. Evans Library  |d Evans: Library Stacks  |t 0  |e PS3545.I5115 S64 1927  |h Library of Congress classification  |i unmediated -- volume  |m A14801255168 
998 f f |a PS3545.I5115 S64 1927  |t 0  |l Evans: Library Stacks